World Politics : (Record no. 13324)
[ view plain ]
| 000 -LEADER | |
|---|---|
| fixed length control field | 00695nac a22001931u 4500 |
| 008 - FIXED-LENGTH DATA ELEMENTS--GENERAL INFORMATION | |
| fixed length control field | 090203t1997xxu||||| |||| 00| 0 eng d |
| 020 ## - INTERNATIONAL STANDARD BOOK NUMBER | |
| International Standard Book Number | 0312137257 (alk. paper) |
| 082 ## - DEWEY DECIMAL CLASSIFICATION NUMBER | |
| Classification number | 327.1 |
| Item number | KEG |
| 100 ## - MAIN ENTRY--PERSONAL NAME | |
| Personal name | Kegley, Charles W. |
| 9 (RLIN) | 11140 |
| 245 10 - TITLE STATEMENT | |
| Title | World Politics : |
| Remainder of title | Trends and Transformation / |
| Statement of responsibility, etc | Charles W. Kegley, Jr., Eugene R. Wittkopf. |
| 250 ## - EDITION STATEMENT | |
| Edition statement | 6th ed. |
| 260 ## - PUBLICATION, DISTRIBUTION, ETC. (IMPRINT) | |
| Place of publication, distribution, etc | NewYork : |
| Name of publisher, distributor, etc | ST. Martin's press, |
| Date of publication, distribution, etc | c1997. |
| 300 ## - PHYSICAL DESCRIPTION | |
| Extent | xxv, Various p. ; |
| Other physical details | ill.col. map ; |
| Dimensions | 24 cm. |
| 504 ## - BIBLIOGRAPHY, ETC. NOTE | |
| Bibliography, etc | Includes bibliographical references and index. |
| 650 ## - SUBJECT ADDED ENTRY--TOPICAL TERM | |
| Topical term or geographic name as entry element | International relations |
| 9 (RLIN) | 11142 |
| 650 ## - SUBJECT ADDED ENTRY--TOPICAL TERM | |
| 9 (RLIN) | 11141 |
| Topical term or geographic name as entry element | World politics |
| 700 1# - ADDED ENTRY--PERSONAL NAME | |
| Personal name | Wittkopf, Eugene R. |
| 9 (RLIN) | 11143 |
| 942 ## - ADDED ENTRY ELEMENTS (KOHA) | |
| Item type | Book - Borrowing |
| Call number prefix | 327.1KEG |
| Source of classification or shelving scheme | Dewey Decimal Classification |
| Withdrawn status | Item status | Source of classification or shelving scheme | Damaged status | Not for loan | Vendor | Home library | Current library | Shelving location | Date acquired | Source of acquisition | Total Checkouts | Full call number | Barcode | Date last seen | Koha item type | Public note |
|---|---|---|---|---|---|---|---|---|---|---|---|---|---|---|---|---|
| Dewey Decimal Classification | Donation-Gift | Central Library | Central Library | First floor | 09/02/2010 | Donation | 327.1 KEG | 000019715 | 15/07/2025 | Book - Borrowing | Donated by : Dr. Bassem Ahmed |